000
00301nam a22001337a 4500
008
181218b xxu||||| |||| 00| 0 eng d
020
_a
0029078709
041
_a
eng
080
_a
941
100
_a
16
101
_a
HIS
245
_a
Dictionary of Medieval Civilization
_c
Dahmus, J
942
_2
udc
_c
BK
999
_c
53417
_d
53417